|
|
|
|
| LEADER |
00000nam a22000007a 4500 |
| 005 |
20120718180914.0 |
| 007 |
cr|||| |||| |
| 008 |
120718s2012 co |||||s|||||00||0 spa d |
| 020 |
|
|
|a 978-958-648- 769-6
|
| 035 |
|
|
|a 6580
|
| 040 |
|
|
|a vLex
|
| 090 |
|
|
|c 3290
|d 3290
|
| 100 |
1 |
|
|a Jimňez Lozano, ℓlvaro
|
| 245 |
1 |
0 |
|a Estatuto tributario 2012
|h [Recurso electrn̤ico] /
|c ℓlvaro Jimňez Lozano
|
| 256 |
|
|
|a Servicio en ln̕ea
|
| 260 |
|
|
|a Bogot ̀:
|b Ecoe ediciones,
|c 2012
|
| 300 |
|
|
|a 1 recurso electrn̤ico
|
| 490 |
0 |
|
|a Las Leyes de Colombia. Cd̤igos
|
| 506 |
1 |
|
|a Contenido solo disponible en los productos indicados
|d vLex Global
|d vLex Global (Academic Edition, excluding Law Schools)
|d vLex Global (U.S. Academic Edition, Law Schools)
|d vLex Global (U.S. Academic Edition, excluding Law Schools)
|d vLex Global (Academic Edition, Law Schools)
|
| 650 |
0 |
4 |
|a Impuestos
|z Colombia
|
| 650 |
0 |
4 |
|a Legislaci ̤
|z Mx̌ico
|
| 740 |
0 |
|
|a vLex Libros (Servicio en ln̕ea)
|
| 856 |
4 |
0 |
|u http://vlex.com/source/estatuto-tributario-2012-6580
|z Acceso restringido
|
| 942 |
|
|
|c BOOK
|
| 999 |
0 |
|
|a Taxation
|